Southville International School and Colleges
Your cart is empty.
  • Cart
  • Lists
    Public lists list_1 View all
    Your lists Log in to create your own lists
  • Log in to your account
  • Your cookies
  • Search history
Southville International School and Colleges
  • Advanced search
  • Recent comments
  • Most popular
  • Libraries

Log in to your account

Log in with GOOGLE


If you do not have an external account, but do have a local account, you can still log in:

  1. Home
  2. MARC view: Migration.
Normal view MARC view ISBD view

Migration. (Record no. 109309)

[ view plain ]
MARC details
000 -LEADER
fixed length control field 00436nam a2200157 a 4500
005 - DATE AND TIME OF LATEST TRANSACTION
control field 20140414093841.0
008 - FIXED-LENGTH DATA ELEMENTS--GENERAL INFORMATION
fixed length control field 071030s19uu xx uuu eng d
050 ## - LIBRARY OF CONGRESS CALL NUMBER
Classification number DVD 300
Item number MIG
245 ## - TITLE STATEMENT
Title Migration.
260 ## - PUBLICATION, DISTRIBUTION, ETC. (IMPRINT)
Place of publication, distribution, etc China :
Name of publisher, distributor, etc Centre of International Cultural Exchange, China for.
300 ## - PHYSICAL DESCRIPTION
Extent 1 videodisk (30 min.) ; sd. co
650 ## - SUBJECT ADDED ENTRY--TOPICAL TERM
Topical term or geographic name as entry element Cultural Center of China
650 ## - SUBJECT ADDED ENTRY--TOPICAL TERM
Topical term or geographic name as entry element TV documentary
942 ## - ADDED ENTRY ELEMENTS (KOHA)
Koha item type Audio Visual Materials
Holdings
Withdrawn status Lost status Damaged status Home library Current library Shelving location Date acquired Source of acquisition Total Checkouts Full call number Barcode Date last seen Price effective from Koha item type
      Luxembourg Library Luxembourg Library Audio Visual Material Section 10/30/2007     DVD 300 MIG AV0946 04/14/2014 04/14/2014 Audio Visual Materials

Migration.

APA

Migration. China: Centre of International Cultural Exchange, China for.

Chicago

Migration. China: Centre of International Cultural Exchange, China for.

Harvard

Migration. China: Centre of International Cultural Exchange, China for.

MLA

China: Centre of International Cultural Exchange, China for. .

  • Place hold
  • Print
  • Cite
  • Add to your cart (remove)
  • Save record
    BIBTEX Dublin Core MARCXML MARC (non-Unicode/MARC-8) MARC (Unicode/UTF-8) MARC (Unicode/UTF-8, Standard) MODS (XML) RIS
  • More searches
    Search for this title in:
    Other Libraries (WorldCat) Other Databases (Google Scholar) Online Stores (Bookfinder.com) Open Library (openlibrary.org)

Exporting to Dublin Core...

SOUTHVILLE LIBRARY

Southville International School and Colleges Library

1281 Tropical Ave. Cor. Luxembourg St., BF Homes International, Las Pinas City

Tel. No. 8256374 / 252358 Loc. 117/146

Powered by Koha